000 00938nam a2200265 a 4500
001 706
003 BR-CuiBMT
005 20231114002106.0
008 231101s2001 dfb 001 0 por d
020 _a8574691755
040 _aBR-CuiBMT
_cBR-CuiBMT
080 _a2007
_235.07:347.471
090 _a35.07:347.471
_bP126f
_c3. ed.
100 1 _aPaes, José Eduardo Sabo
245 1 _aFundações e entidades de interesse social :
_baspectos jurídicos, administrativos, contábeis, e tributários /
_cJosé Eduardo Sabo Paes.
250 _a3. ed., rev., atual. e ampl.
260 _aBrasília :
_bJurídica,
_c2001.
300 _a599 p. ;
_c23 cm
504 _aInclui bibliografia e índice.
650 _aFundação (direito civil)
_zBrasil
650 _aAssociações sem fins lucrativos
_vLegislação
_zBrasil
650 _aFundações e instituições
_vEstatuto
_zBrasil
650 _aTerceiro setor
_zBrasil
942 _2udc
_cLV
999 _c706
_d706